Postmodern urbanism / (Record no. 352516)

000 -LEADER
fixed length control field 00937 a2200265 4500
003 - CONTROL NUMBER IDENTIFIER
control field OSt
005 - DATE AND TIME OF LATEST TRANSACTION
control field 20180116192337.0
008 - FIXED-LENGTH DATA ELEMENTS--GENERAL INFORMATION
fixed length control field 120518t xxu||||| |||| 00| 0 eng d
010 ## - LIBRARY OF CONGRESS CONTROL NUMBER
LC control number 98008327
020 ## - INTERNATIONAL STANDARD BOOK NUMBER
International Standard Book Number 156898135X (pbk. : alk. paper)
040 ## - CATALOGING SOURCE
Transcribing agency 0
082 00 - DEWEY DECIMAL CLASSIFICATION NUMBER
Classification number 711.4090
100 1# - MAIN ENTRY--PERSONAL NAME
Personal name Ellin, Nan.
9 (RLIN) 1743
245 10 - TITLE STATEMENT
Title Postmodern urbanism /
Statement of responsibility, etc. Nan Ellin.
250 ## - EDITION STATEMENT
Edition statement Rev. ed.
260 ## - PUBLICATION, DISTRIBUTION, ETC.
Place of publication, distribution, etc. New York :
Name of publisher, distributor, etc. Princeton Architectural Press,
Date of publication, distribution, etc. c1999.
300 ## - PHYSICAL DESCRIPTION
Extent viii, 392 p. :
Other physical details ill. ;
Dimensions 23 cm.
500 ## - GENERAL NOTE
General note Includes index
650 #0 - SUBJECT ADDED ENTRY--TOPICAL TERM
Topical term or geographic name entry element City planning
General subdivision History
Chronological subdivision 20th century
General subdivision Themes, motives.
9 (RLIN) 1744
650 #0 - SUBJECT ADDED ENTRY--TOPICAL TERM
Topical term or geographic name entry element Architecture and society
General subdivision History
Chronological subdivision 20th century.
9 (RLIN) 1745
650 #0 - SUBJECT ADDED ENTRY--TOPICAL TERM
Topical term or geographic name entry element Architecture, Postmodern.
9 (RLIN) 1746
856 42 - ELECTRONIC LOCATION AND ACCESS
Materials specified Publisher description
Uniform Resource Identifier <a href="http://www.loc.gov/catdir/enhancements/fy0722/98008327-d.html">http://www.loc.gov/catdir/enhancements/fy0722/98008327-d.html</a>
942 ## - ADDED ENTRY ELEMENTS (KOHA)
Institution code [OBSOLETE] SADA
Koha item type Book
Call number prefix 711.4090 ELL 1999
Source of classification or shelving scheme
Holdings
Withdrawn status Lost status Source of classification or shelving scheme Damaged status Not for loan Permanent Location Current Location Date acquired Total Checkouts Full call number Barcode Date last seen Cost, replacement price Price effective from Koha item type
          School of Art Design and Architecture (SADA) School of Art Design and Architecture (SADA) 02/02/2011   711.4 ELL 1999 SADA0000544 08/05/2011 1725.00 08/05/2011 Book
© 2023 Central Library, National University of Sciences and Technology. All Rights Reserved.